[Event "DEM U14w 2024"]
[Site "Willingen GER"]
[Date "2024.05.19"]
[Round "1"]
[White "Eitel, Liz"]
[Black "Halas, Neele Zoe"]
[Result "0-1"]
[Termination "normal"]
[Board "12"]
[WhiteElo "1602"]
[BlackElo "1689"]
[WhiteClock "00:05:38"]
[BlackClock "00:10:42"]
[PlyCount "116"]
[WhiteFideId "34622195"]
[BlackFideId "16287282"]
[EventCountry "GER"]
[EventRounds "9"]
[EventType "swiss"]
[EventDate "2024.05.18"]

1. e4 {[%clk 01:30:57]} {[%emt 00:00:03]} e5 {[%clk 01:30:56]} {[%emt
00:00:04]} 2. Nf3 {[%clk 01:31:23]} {[%emt 00:00:04]} Nc6 {[%clk 01:31:19]}
{[%emt 00:00:06]} 3. Bc4 {[%clk 01:31:45]} {[%emt 00:00:08]} Bc5 {[%clk
01:31:43]} {[%emt 00:00:07]} 4. d3 {[%clk 01:31:46]} {[%emt 00:00:29]} Nf6
{[%clk 01:31:22]} {[%emt 00:00:50]} 5. a4 {[%clk 01:30:36]} {[%emt 00:01:41]}
a5 {[%clk 01:31:08]} {[%emt 00:00:44]} 6. O-O {[%clk 01:30:28]} {[%emt
00:00:37]} O-O {[%clk 01:31:30]} {[%emt 00:00:08]} 7. Re1 {[%clk 01:30:13]}
{[%emt 00:00:46]} h6 {[%clk 01:11:27]} {[%emt 00:20:33]} 8. h3 {[%clk
01:21:08]} {[%emt 00:09:34]} Re8 {[%clk 01:06:41]} {[%emt 00:05:16]} 9. Nbd2
{[%clk 01:15:35]} {[%emt 00:06:03]} d5 {[%clk 00:54:27]} {[%emt 00:12:44]} 10.
exd5 {[%clk 01:15:14]} {[%emt 00:00:51]} Nxd5 {[%clk 00:54:43]} {[%emt
00:00:15]} 11. Ne4 {[%clk 01:14:16]} {[%emt 00:01:27]} Be7 {[%clk 00:45:10]}
{[%emt 00:10:02]} 12. Nc3 {[%clk 00:51:44]} {[%emt 00:23:02]} Nxc3 {[%clk
00:42:26]} {[%emt 00:03:15]} 13. bxc3 {[%clk 00:51:19]} {[%emt 00:00:55]} Bf6
{[%clk 00:36:39]} {[%emt 00:06:16]} 14. Bb2 {[%clk 00:48:46]} {[%emt 00:03:03]}
Bf5 {[%clk 00:29:31]} {[%emt 00:07:38]} 15. d4 {[%clk 00:41:17]} {[%emt
00:07:59]} exd4 {[%clk 00:28:25]} {[%emt 00:01:37]} 16. Rxe8+ {[%clk 00:41:40]}
{[%emt 00:00:06]} Qxe8 {[%clk 00:28:44]} {[%emt 00:00:11]} 17. cxd4 {[%clk
00:35:35]} {[%emt 00:06:35]} Rd8 {[%clk 00:26:22]} {[%emt 00:02:52]} 18. c3
{[%clk 00:33:11]} {[%emt 00:02:53]} Be6 {[%clk 00:18:44]} {[%emt 00:08:09]} 19.
Qb3 {[%clk 00:29:46]} {[%emt 00:03:56]} Bxc4 {[%clk 00:19:03]} {[%emt
00:00:11]} 20. Qxc4 {[%clk 00:30:02]} {[%emt 00:00:13]} Qd7 {[%clk 00:18:16]}
{[%emt 00:01:17]} 21. Rd1 {[%clk 00:29:03]} {[%emt 00:01:28]} Ne7 {[%clk
00:16:03]} {[%emt 00:02:44]} 22. Re1 {[%clk 00:21:13]} {[%emt 00:08:20]} Nd5
{[%clk 00:15:04]} {[%emt 00:01:29]} 23. Ne5 {[%clk 00:12:37]} {[%emt 00:09:05]}
Bxe5 {[%clk 00:12:55]} {[%emt 00:02:40]} 24. Rxe5 {[%clk 00:12:56]} {[%emt
00:00:10]} c6 {[%clk 00:11:11]} {[%emt 00:02:14]} 25. Qe2 {[%clk 00:10:09]}
{[%emt 00:03:17]} f6 {[%clk 00:09:32]} {[%emt 00:02:09]} 26. Re4 {[%clk
00:09:07]} {[%emt 00:01:30]} b5 {[%clk 00:06:14]} {[%emt 00:03:50]} 27. axb5
{[%clk 00:07:14]} {[%emt 00:02:23]} cxb5 {[%clk 00:06:40]} {[%emt 00:00:04]}
28. c4 {[%clk 00:05:19]} {[%emt 00:02:25]} bxc4 {[%clk 00:06:51]} {[%emt
00:00:20]} 29. Qxc4 {[%clk 00:05:21]} {[%emt 00:00:27]} Qf5 {[%clk 00:06:45]}
{[%emt 00:00:36]} 30. Re1 {[%clk 00:04:35]} {[%emt 00:01:58]} Rc8 {[%clk
00:06:14]} {[%emt 00:01:02]} 31. Qe2 {[%clk 00:03:20]} {[%emt 00:01:45]} Rc2
{[%clk 00:04:40]} {[%emt 00:02:03]} 32. Qe6+ {[%clk 00:01:18]} {[%emt
00:02:32]} Qxe6 {[%clk 00:05:00]} {[%emt 00:00:10]} 33. Rxe6 {[%clk 00:01:41]}
{[%emt 00:00:08]} Rxb2 {[%clk 00:05:24]} {[%emt 00:00:06]} 34. Rd6 {[%clk
00:02:07]} {[%emt 00:00:04]} Rb5 {[%clk 00:05:46]} {[%emt 00:00:08]} 35. Rd7
{[%clk 00:02:17]} {[%emt 00:00:20]} a4 {[%clk 00:05:53]} {[%emt 00:00:23]} 36.
Kf1 {[%clk 00:02:17]} {[%emt 00:00:30]} a3 {[%clk 00:05:20]} {[%emt 00:01:02]}
37. Ke2 {[%clk 00:02:24]} {[%emt 00:00:23]} a2 {[%clk 00:05:36]} {[%emt
00:00:15]} 38. Ra7 {[%clk 00:02:46]} {[%emt 00:00:07]} Nc3+ {[%clk 00:05:30]}
{[%emt 00:00:36]} 39. Kd3 {[%clk 00:02:34]} {[%emt 00:00:43]} Rb1 {[%clk
00:05:37]} {[%emt 00:00:23]} 40. Kxc3 {[%clk 00:02:33]} {[%emt 00:00:30]} a1=Q+
{[%clk 00:05:54]} {[%emt 00:00:14]} 41. Rxa1 {[%clk 00:02:44]} {[%emt
00:00:18]} Rxa1 {[%clk 00:06:19]} {[%emt 00:00:06]} 42. Kc4 {[%clk 00:03:12]}
{[%emt 00:00:02]} Kf8 {[%clk 00:06:39]} {[%emt 00:00:10]} 43. Kc5 {[%clk
00:03:34]} {[%emt 00:00:08]} Ke7 {[%clk 00:06:56]} {[%emt 00:00:12]} 44. d5
{[%clk 00:03:50]} {[%emt 00:00:14]} Kd7 {[%clk 00:07:14]} {[%emt 00:00:12]} 45.
Kd4 {[%clk 00:03:31]} {[%emt 00:00:50]} Kd6 {[%clk 00:07:25]} {[%emt 00:00:19]}
46. Ke4 {[%clk 00:03:25]} {[%emt 00:00:37]} g6 {[%clk 00:07:47]} {[%emt
00:00:07]} 47. f4 {[%clk 00:03:31]} {[%emt 00:00:23]} Ra4+ {[%clk 00:07:11]}
{[%emt 00:01:06]} 48. Kf3 {[%clk 00:03:47]} {[%emt 00:00:14]} Kxd5 {[%clk
00:07:36]} {[%emt 00:00:05]} 49. Kg4 {[%clk 00:03:21]} {[%emt 00:00:56]} h5+
{[%clk 00:07:45]} {[%emt 00:00:22]} 50. Kf3 {[%clk 00:03:43]} {[%emt 00:00:07]}
Ra3+ {[%clk 00:08:06]} {[%emt 00:00:09]} 51. Kf2 {[%clk 00:03:45]} {[%emt
00:00:28]} Ke4 {[%clk 00:08:31]} {[%emt 00:00:05]} 52. g3 {[%clk 00:03:47]}
{[%emt 00:00:28]} Ra2+ {[%clk 00:08:45]} {[%emt 00:00:16]} 53. Ke1 {[%clk
00:03:58]} {[%emt 00:00:19]} Ke3 {[%clk 00:09:04]} {[%emt 00:00:11]} 54. Kd1
{[%clk 00:04:19]} {[%emt 00:00:09]} Rh2 {[%clk 00:09:20]} {[%emt 00:00:14]} 55.
Kc1 {[%clk 00:04:41]} {[%emt 00:00:08]} Kd3 {[%clk 00:09:42]} {[%emt 00:00:08]}
56. Kb1 {[%clk 00:05:06]} {[%emt 00:00:05]} Kc3 {[%clk 00:09:52]} {[%emt
00:00:20]} 57. Ka1 {[%clk 00:05:31]} {[%emt 00:00:04]} Kb3 {[%clk 00:10:17]}
{[%emt 00:00:05]} 58. Kb1 {[%clk 00:05:38]} {[%emt 00:00:24]} Rh1# {[%clk
00:10:42]} {[%emt 00:00:05]} 0-1

[Event "DEM U14w 2024"]
[Site "Willingen GER"]
[Date "2024.05.19"]
[Round "1"]
[White "Kutz, Ida Klara"]
[Black "Neumann, Anna-Lena"]
[Result "1-0"]
[Termination "normal"]
[Board "13"]
[WhiteElo "1690"]
[BlackElo "861"]
[WhiteClock "00:48:32"]
[BlackClock "00:42:02"]
[PlyCount "69"]
[WhiteFideId "16296257"]
[BlackFideId "34660321"]
[EventCountry "GER"]
[EventRounds "9"]
[EventType "swiss"]
[EventDate "2024.05.18"]

1. Nf3 {[%clk 01:30:57]} {[%emt 00:00:02]} Nf6 {[%clk 01:30:42]} {[%emt
00:00:17]} 2. g3 {[%clk 01:31:19]} {[%emt 00:00:08]} g6 {[%clk 01:30:34]}
{[%emt 00:00:38]} 3. Bg2 {[%clk 01:31:43]} {[%emt 00:00:06]} Bg7 {[%clk
01:30:53]} {[%emt 00:00:12]} 4. O-O {[%clk 01:32:04]} {[%emt 00:00:08]} O-O
{[%clk 01:31:12]} {[%emt 00:00:11]} 5. d4 {[%clk 01:32:02]} {[%emt 00:00:32]}
d6 {[%clk 01:31:16]} {[%emt 00:00:28]} 6. c4 {[%clk 01:32:17]} {[%emt
00:00:14]} c5 {[%clk 01:28:01]} {[%emt 00:03:45]} 7. Nc3 {[%clk 01:31:08]}
{[%emt 00:01:39]} e6 {[%clk 01:23:12]} {[%emt 00:05:19]} 8. Na4 {[%clk
01:28:10]} {[%emt 00:03:28]} Nbd7 {[%clk 01:20:19]} {[%emt 00:03:23]} 9. Bf4
{[%clk 01:26:40]} {[%emt 00:01:59]} Qe7 {[%clk 01:16:17]} {[%emt 00:04:33]} 10.
dxc5 {[%clk 01:26:56]} {[%emt 00:00:14]} dxc5 {[%clk 01:15:55]} {[%emt
00:00:51]} 11. Bd6 {[%clk 01:26:40]} {[%emt 00:00:47]} Qd8 {[%clk 01:14:28]}
{[%emt 00:01:57]} 12. Bxf8 {[%clk 01:26:45]} {[%emt 00:00:25]} Qxf8 {[%clk
01:14:11]} {[%emt 00:00:47]} 13. Qc2 {[%clk 01:20:36]} {[%emt 00:06:39]} Ng4
{[%clk 01:08:06]} {[%emt 00:06:35]} 14. Rad1 {[%clk 01:14:45]} {[%emt
00:06:21]} Nde5 {[%clk 01:04:44]} {[%emt 00:03:52]} 15. Nxe5 {[%clk 01:13:13]}
{[%emt 00:02:02]} Bxe5 {[%clk 01:04:34]} {[%emt 00:00:40]} 16. Qd2 {[%clk
01:10:24]} {[%emt 00:03:19]} Bf6 {[%clk 00:54:38]} {[%emt 00:10:26]} 17. Nc3
{[%clk 00:59:42]} {[%emt 00:11:13]} e5 {[%clk 00:52:16]} {[%emt 00:02:52]} 18.
Nd5 {[%clk 00:54:42]} {[%emt 00:05:29]} Be6 {[%clk 00:51:38]} {[%emt 00:01:09]}
19. Nxf6+ {[%clk 00:52:51]} {[%emt 00:02:20]} Nxf6 {[%clk 00:51:47]} {[%emt
00:00:20]} 20. Bxb7 {[%clk 00:50:58]} {[%emt 00:02:24]} Rd8 {[%clk 00:49:56]}
{[%emt 00:02:21]} 21. Qxd8 {[%clk 00:47:37]} {[%emt 00:03:51]} Qxd8 {[%clk
00:49:17]} {[%emt 00:01:09]} 22. Rxd8+ {[%clk 00:48:01]} {[%emt 00:00:06]} Kg7
{[%clk 00:49:25]} {[%emt 00:00:22]} 23. Bd5 {[%clk 00:47:56]} {[%emt 00:00:35]}
Bh3 {[%clk 00:46:31]} {[%emt 00:03:23]} 24. Rd1 {[%clk 00:47:24]} {[%emt
00:01:01]} Bf5 {[%clk 00:44:10]} {[%emt 00:02:53]} 25. Ra8 {[%clk 00:46:01]}
{[%emt 00:01:53]} Bc2 {[%clk 00:43:11]} {[%emt 00:01:29]} 26. Rd2 {[%clk
00:46:15]} {[%emt 00:00:16]} Be4 {[%clk 00:43:32]} {[%emt 00:00:09]} 27. Rxa7
{[%clk 00:46:16]} {[%emt 00:00:29]} Bxd5 {[%clk 00:43:53]} {[%emt 00:00:08]}
28. cxd5 {[%clk 00:46:00]} {[%emt 00:00:47]} Ne4 {[%clk 00:43:55]} {[%emt
00:00:27]} 29. d6 {[%clk 00:46:25]} {[%emt 00:00:06]} Nxd2 {[%emt 00:02:12]}
30. d7 {[%clk 00:46:47]} {[%emt 00:00:07]} Ne4 {[%clk 00:42:19]} {[%emt
00:00:26]} 31. d8=Q {[%clk 00:47:03]} {[%emt 00:00:13]} Ng5 {[%clk 00:41:35]}
{[%emt 00:01:14]} 32. Qxg5 {[%clk 00:47:21]} {[%emt 00:00:12]} h6 {[%clk
00:41:38]} {[%emt 00:00:27]} 33. Qxe5+ {[%clk 00:47:43]} {[%emt 00:00:08]} Kg8
{[%clk 00:41:45]} {[%emt 00:00:23]} 34. Ra8+ {[%clk 00:48:08]} {[%emt
00:00:05]} Kh7 {[%clk 00:42:02]} {[%emt 00:00:13]} 35. Rh8# {[%clk 00:48:32]}
{[%emt 00:00:06]} 1-0

[Event "DEM U14w 2024"]
[Site "Willingen GER"]
[Date "2024.05.19"]
[Round "1"]
[White "Hamati, Emeli"]
[Black "Prokscha, Charlotte"]
[Result "0-1"]
[Termination "normal"]
[Board "14"]
[WhiteElo "853"]
[BlackElo "1666"]
[WhiteClock "00:28:35"]
[BlackClock "00:26:58"]
[PlyCount "69"]
[WhiteFideId "533000662"]
[BlackFideId "34614699"]
[EventCountry "GER"]
[EventRounds "9"]
[EventType "swiss"]
[EventDate "2024.05.18"]

1. e4 {[%clk 01:30:55]} {[%emt 00:00:03]} c5 {[%clk 01:30:37]} {[%emt
00:00:25]} 2. Nc3 {[%clk 01:30:43]} {[%emt 00:00:41]} Nc6 {[%clk 01:30:37]}
{[%emt 00:00:31]} 3. d3 {[%clk 01:30:26]} {[%emt 00:00:46]} g6 {[%clk
01:30:30]} {[%emt 00:00:37]} 4. f4 {[%clk 01:30:00]} {[%emt 00:00:56]} Bg7
{[%clk 01:30:13]} {[%emt 00:00:46]} 5. g3 {[%clk 01:28:42]} {[%emt 00:01:48]}
d6 {[%clk 01:28:41]} {[%emt 00:02:04]} 6. Bg2 {[%clk 01:27:28]} {[%emt
00:01:43]} Nf6 {[%clk 01:27:38]} {[%emt 00:01:33]} 7. Nge2 {[%clk 01:25:57]}
{[%emt 00:02:02]} O-O {[%clk 01:26:13]} {[%emt 00:01:54]} 8. O-O {[%clk
01:25:20]} {[%emt 00:01:06]} a6 {[%clk 01:23:56]} {[%emt 00:02:49]} 9. h3
{[%clk 01:18:58]} {[%emt 00:06:50]} Bd7 {[%clk 01:18:35]} {[%emt 00:05:52]} 10.
Bf3 {[%clk 01:16:02]} {[%emt 00:03:26]} Bxh3 {[%clk 01:17:18]} {[%emt
00:01:48]} 11. Bg2 {[%clk 01:15:05]} {[%emt 00:01:26]} Bxg2 {[%clk 01:06:02]}
{[%emt 00:11:46]} 12. Kxg2 {[%clk 01:14:35]} {[%emt 00:00:59]} Qc8 {[%clk
01:05:43]} {[%emt 00:00:49]} 13. Kf2 {[%clk 01:09:42]} {[%emt 00:05:22]} Ng4+
{[%clk 01:04:33]} {[%emt 00:01:42]} 14. Ke1 {[%clk 01:09:06]} {[%emt 00:01:06]}
Nd4 {[%clk 01:02:58]} {[%emt 00:02:05]} 15. Nxd4 {[%clk 01:06:31]} {[%emt
00:03:04]} Bxd4 {[%clk 00:57:49]} {[%emt 00:05:40]} 16. Nd5 {[%clk 01:03:22]}
{[%emt 00:03:39]} Qe6 {[%clk 00:29:49]} {[%emt 00:28:27]} 17. Nc7 {[%clk
01:00:12]} {[%emt 00:03:43]} Qd7 {[%clk 00:30:05]} {[%emt 00:00:13]} 18. Nxa8
{[%clk 01:00:30]} {[%emt 00:00:14]} Rxa8 {[%clk 00:30:30]} {[%emt 00:00:05]}
19. f5 {[%clk 01:00:23]} {[%emt 00:00:36]} Nf6 {[%clk 00:29:40]} {[%emt
00:01:20]} 20. c3 {[%clk 00:58:20]} {[%emt 00:02:33]} Be5 {[%clk 00:30:05]}
{[%emt 00:00:05]} 21. Bf4 {[%clk 00:51:30]} {[%emt 00:07:20]} Bxf4 {[%clk
00:30:01]} {[%emt 00:00:35]} 22. Rxf4 {[%clk 00:49:23]} {[%emt 00:02:37]} Rf8
{[%clk 00:27:30]} {[%emt 00:03:00]} 23. g4 {[%clk 00:46:26]} {[%emt 00:03:27]}
Qb5 {[%clk 00:27:16]} {[%emt 00:00:42]} 24. g5 {[%clk 00:45:51]} {[%emt
00:01:06]} Nh5 {[%clk 00:26:39]} {[%emt 00:01:07]} 25. Rh4 {[%clk 00:45:49]}
{[%emt 00:00:33]} Qxb2 {[%clk 00:26:06]} {[%emt 00:01:04]} 26. c4 {[%clk
00:40:44]} {[%emt 00:05:34]} Qe5 {[%clk 00:23:48]} {[%emt 00:02:44]} 27. Rh3
{[%clk 00:33:28]} {[%emt 00:07:48]} Nf4 {[%clk 00:22:56]} {[%emt 00:01:23]} 28.
Rh4 {[%clk 00:32:36]} {[%emt 00:01:23]} Ng2+ {[%clk 00:23:20]} {[%emt
00:00:07]} 29. Ke2 {[%clk 00:30:33]} {[%emt 00:02:32]} Nxh4 {[%clk 00:23:40]}
{[%emt 00:00:09]} 30. Qh1 {[%clk 00:29:48]} {[%emt 00:01:15]} Nxf5 {[%clk
00:25:40]} {[%emt 00:01:06]} 31. Rb1 {[%clk 00:28:36]} {[%emt 00:03:13]} Ng3+
{[%clk 00:26:01]} {[%emt 00:00:09]} 32. Kd2 {[%clk 00:28:40]} {[%emt 00:00:25]}
Nxh1 {[%clk 00:26:20]} {[%emt 00:00:11]} 33. Rxh1 {[%clk 00:29:03]} {[%emt
00:00:06]} Qxg5+ {[%clk 00:26:44]} {[%emt 00:00:07]} 34. Kc2 {[%clk 00:28:35]}
{[%emt 00:00:58]} Qg2+ {[%clk 00:26:58]} {[%emt 00:00:16]} 35. Kd1 {[%emt
00:00:21]} 0-1

[Event "DEM U14w 2024"]
[Site "Willingen GER"]
[Date "2024.05.24"]
[Round "8"]
[White "Kopylov, Diana"]
[Black "Trunz, Tamila"]
[Result "1/2-1/2"]
[Termination "normal"]
[Board "2"]
[WhiteElo "1887"]
[BlackElo "1988"]
[WhiteClock "00:06:18"]
[BlackClock "00:08:49"]
[PlyCount "100"]
[WhiteFideId "16268865"]
[BlackFideId "16267885"]
[EventCountry "GER"]
[EventRounds "9"]
[EventType "swiss"]
[EventDate "2024.05.18"]

1. e4 {[%clk 01:30:57]} {[%emt 00:00:04]} c5 {[%clk 01:30:46]} {[%emt
00:00:14]} 2. Nf3 {[%clk 01:31:20]} {[%emt 00:00:06]} e6 {[%clk 01:31:10]}
{[%emt 00:00:06]} 3. c3 {[%clk 01:31:43]} {[%emt 00:00:06]} Nc6 {[%clk
01:30:24]} {[%emt 00:01:17]} 4. d4 {[%clk 01:31:45]} {[%emt 00:00:28]} d5
{[%clk 01:30:14]} {[%emt 00:00:40]} 5. exd5 {[%clk 01:31:54]} {[%emt 00:00:22]}
exd5 {[%clk 01:30:38]} {[%emt 00:00:06]} 6. Bb5 {[%clk 01:31:53]} {[%emt
00:00:31]} Nf6 {[%clk 01:22:41]} {[%emt 00:08:28]} 7. O-O {[%clk 01:30:42]}
{[%emt 00:01:40]} Bd6 {[%clk 01:20:31]} {[%emt 00:02:41]} 8. dxc5 {[%clk
01:30:26]} {[%emt 00:00:46]} Bxc5 {[%clk 01:20:55]} {[%emt 00:00:07]} 9. Re1+
{[%clk 01:30:23]} {[%emt 00:00:32]} Be6 {[%clk 01:20:11]} {[%emt 00:01:14]} 10.
Nbd2 {[%clk 01:28:44]} {[%emt 00:02:08]} Qb6 {[%clk 01:14:18]} {[%emt
00:06:24]} 11. Bxc6+ {[%clk 01:23:19]} {[%emt 00:05:54]} bxc6 {[%clk 01:13:35]}
{[%emt 00:01:14]} 12. Qe2 {[%clk 01:18:41]} {[%emt 00:05:07]} O-O {[%clk
01:11:30]} {[%emt 00:02:35]} 13. Nb3 {[%clk 01:16:47]} {[%emt 00:02:23]} Bd6
{[%clk 01:07:50]} {[%emt 00:04:11]} 14. Nbd4 {[%clk 01:06:25]} {[%emt
00:10:52]} Rae8 {[%clk 01:07:06]} {[%emt 00:01:14]} 15. Be3 {[%clk 01:02:03]}
{[%emt 00:04:51]} Qc7 {[%clk 01:03:53]} {[%emt 00:03:44]} 16. h3 {[%clk
00:59:24]} {[%emt 00:03:08]} Ne4 {[%clk 01:03:18]} {[%emt 00:01:05]} 17. Rac1
{[%clk 00:53:55]} {[%emt 00:05:59]} Bc8 {[%clk 01:01:32]} {[%emt 00:02:17]} 18.
Qc2 {[%clk 00:46:34]} {[%emt 00:07:50]} Ba6 {[%clk 00:56:31]} {[%emt 00:05:32]}
19. b4 {[%clk 00:35:25]} {[%emt 00:11:38]} f5 {[%clk 00:52:52]} {[%emt
00:04:10]} 20. Qa4 {[%clk 00:32:22]} {[%emt 00:03:33]} Bb7 {[%clk 00:52:23]}
{[%emt 00:01:00]} 21. Nb3 {[%clk 00:31:29]} {[%emt 00:01:23]} f4 {[%clk
00:41:03]} {[%emt 00:11:49]} 22. Bd4 {[%clk 00:31:09]} {[%emt 00:00:50]} Re6
{[%clk 00:37:21]} {[%emt 00:04:12]} 23. c4 {[%clk 00:28:04]} {[%emt 00:03:35]}
dxc4 {[%clk 00:34:47]} {[%emt 00:03:03]} 24. Rxc4 {[%clk 00:28:14]} {[%emt
00:00:20]} Qe7 {[%clk 00:33:35]} {[%emt 00:01:38]} 25. Na5 {[%clk 00:26:06]}
{[%emt 00:02:42]} Ng5 {[%clk 00:30:00]} {[%emt 00:04:05]} 26. Rxe6 {[%clk
00:23:41]} {[%emt 00:02:57]} Nxf3+ {[%clk 00:30:21]} {[%emt 00:00:09]} 27. gxf3
{[%clk 00:24:03]} {[%emt 00:00:07]} Qxe6 {[%clk 00:30:47]} {[%emt 00:00:03]}
28. Qb3 {[%clk 00:22:46]} {[%emt 00:01:47]} Ba8 {[%clk 00:16:05]} {[%emt
00:15:13]} 29. Kh2 {[%clk 00:20:03]} {[%emt 00:03:13]} Rf5 {[%clk 00:13:22]}
{[%emt 00:03:13]} 30. Rc1 {[%clk 00:13:36]} {[%emt 00:06:56]} Qxb3 {[%clk
00:13:31]} {[%emt 00:00:21]} 31. axb3 {[%clk 00:13:28]} {[%emt 00:00:38]} Rf7
{[%clk 00:12:22]} {[%emt 00:01:39]} 32. Bc5 {[%clk 00:12:02]} {[%emt 00:01:56]}
Rf6 {[%clk 00:10:34]} {[%emt 00:02:18]} 33. Rd1 {[%clk 00:11:19]} {[%emt
00:01:12]} Bc7 {[%clk 00:09:12]} {[%emt 00:01:53]} 34. Rd7 {[%clk 00:11:03]}
{[%emt 00:00:46]} Rf7 {[%clk 00:08:20]} {[%emt 00:01:22]} 35. Rd1 {[%clk
00:08:15]} {[%emt 00:03:17]} h6 {[%clk 00:06:02]} {[%emt 00:02:49]} 36. Re1
{[%clk 00:07:23]} {[%emt 00:01:22]} Kh7 {[%clk 00:06:21]} {[%emt 00:00:12]} 37.
Re8 {[%clk 00:06:56]} {[%emt 00:00:56]} Bxa5 {[%clk 00:06:28]} {[%emt
00:00:23]} 38. Rxa8 {[%clk 00:05:42]} {[%emt 00:01:44]} Bb6 {[%clk 00:06:26]}
{[%emt 00:00:31]} 39. Bxb6 {[%clk 00:03:49]} {[%emt 00:02:23]} axb6 {[%clk
00:06:52]} {[%emt 00:00:05]} 40. Ra6 {[%clk 00:03:52]} {[%emt 00:00:26]} Rb7
{[%clk 00:06:59]} {[%emt 00:00:22]} 41. Kg2 {[%clk 00:01:51]} {[%emt 00:02:31]}
Kg6 {[%clk 00:01:24]} {[%emt 00:06:06]} 42. h4 {[%clk 00:25:18]} {[%emt
00:07:03]} Kf5 {[%clk 00:26:48]} {[%emt 00:05:07]} 43. Kf1 {[%clk 00:22:46]}
{[%emt 00:03:00]} g5 {[%clk 00:24:53]} {[%emt 00:02:27]} 44. hxg5 {[%clk
00:21:12]} {[%emt 00:02:03]} Kxg5 {[%clk 00:24:29]} {[%emt 00:00:55]} 45. Kg2
{[%clk 00:20:22]} {[%emt 00:01:19]} Kf5 {[%clk 00:24:07]} {[%emt 00:00:52]} 46.
Kh3 {[%clk 00:18:06]} {[%emt 00:02:46]} Ke5 {[%clk 00:18:10]} {[%emt 00:06:28]}
47. Kg4 {[%clk 00:14:58]} {[%emt 00:03:37]} Kd4 {[%clk 00:18:01]} {[%emt
00:00:39]} 48. Kxf4 {[%clk 00:13:04]} {[%emt 00:02:25]} Kc3 {[%clk 00:18:11]}
{[%emt 00:00:19]} 49. Ke5 {[%clk 00:08:20]} {[%emt 00:05:13]} Kxb4 {[%clk
00:14:42]} 50. Kd6 {[%clk 00:06:18]} {[%emt 00:06:32]} Rf7 {[%clk 00:08:49]}
1/2-1/2